<?xml version="1.0" encoding="UTF-8"?>
<record
    xmlns:xsi="http://www.w3.org/2001/XMLSchema-instance"
    xsi:schemaLocation="http://www.loc.gov/MARC21/slim http://www.loc.gov/standards/marcxml/schema/MARC21slim.xsd"
    xmlns="http://www.loc.gov/MARC21/slim">

  <leader>01019nam a2200313 i 4500</leader>
  <controlfield tag="001">8214</controlfield>
  <controlfield tag="003">KOSZ 005</controlfield>
  <controlfield tag="005">20191018140639.0</controlfield>
  <controlfield tag="008">970707s1955    pl     f f   |000 0 pol d</controlfield>
  <datafield tag="040" ind1=" " ind2=" ">
    <subfield code="c">BPK</subfield>
  </datafield>
  <datafield tag="041" ind1=" " ind2=" ">
    <subfield code="a">pol</subfield>
    <subfield code="h">ger</subfield>
  </datafield>
  <datafield tag="080" ind1=" " ind2=" ">
    <subfield code="a">678.5/.7</subfield>
  </datafield>
  <datafield tag="080" ind1=" " ind2=" ">
    <subfield code="a">(083.1)</subfield>
  </datafield>
  <datafield tag="100" ind1="1" ind2=" ">
    <subfield code="a">Pabst, Franz</subfield>
    <subfield code="d">(1888-1962)</subfield>
    <subfield code="e">Autor</subfield>
  </datafield>
  <datafield tag="245" ind1="1" ind2="0">
    <subfield code="a">Tworzywa sztuczne :</subfield>
    <subfield code="b">poradnik /</subfield>
    <subfield code="c">F. Pabst.</subfield>
  </datafield>
  <datafield tag="246" ind1="3" ind2="0">
    <subfield code="i">Tyt. oryg.:</subfield>
    <subfield code="a">Kunststoff-Taschenbuch</subfield>
  </datafield>
  <datafield tag="260" ind1=" " ind2=" ">
    <subfield code="a">Warszawa :</subfield>
    <subfield code="b">Pa&#x144;stwowe Wydawnictwa Techniczne,</subfield>
    <subfield code="c">1955.</subfield>
  </datafield>
  <datafield tag="300" ind1=" " ind2=" ">
    <subfield code="a">334 s., [3 k. tabl. z&#x142;o&#x17C;.] :</subfield>
    <subfield code="b">il. ;</subfield>
    <subfield code="c">21 cm.</subfield>
  </datafield>
  <datafield tag="380" ind1=" " ind2=" ">
    <subfield code="a">Ksi&#x105;&#x17C;ki</subfield>
  </datafield>
  <datafield tag="388" ind1=" " ind2=" ">
    <subfield code="a">1901-2000</subfield>
  </datafield>
  <datafield tag="388" ind1=" " ind2=" ">
    <subfield code="a">1945-1989</subfield>
  </datafield>
  <datafield tag="658" ind1=" " ind2=" ">
    <subfield code="a">In&#x17C;ynieria i technika</subfield>
  </datafield>
  <datafield tag="650" ind1=" " ind2="4">
    <subfield code="a">Tworzywa sztuczne</subfield>
  </datafield>
  <datafield tag="655" ind1=" " ind2="4">
    <subfield code="a">Poradnik</subfield>
  </datafield>
  <datafield tag="700" ind1="1" ind2=" ">
    <subfield code="a">Moli&#x144;ski, Stanis&#x142;aw.</subfield>
    <subfield code="e">T&#x142;umaczenie</subfield>
  </datafield>
  <datafield tag="710" ind1="2" ind2=" ">
    <subfield code="a">Pa&#x144;stwowe Wydawnictwa Techniczne</subfield>
    <subfield code="4">pbl.</subfield>
  </datafield>
  <datafield tag="856" ind1=" " ind2=" ">
    <subfield code="u">http://koha.tu.koszalin.pl/cgi-bin/koha/opac-detail.pl?biblionumber=8214</subfield>
    <subfield code="y">Katalog online BPK</subfield>
  </datafield>
  <datafield tag="942" ind1=" " ind2=" ">
    <subfield code="c">KS</subfield>
    <subfield code="2">UKD</subfield>
  </datafield>
  <datafield tag="999" ind1=" " ind2=" ">
    <subfield code="c">8214</subfield>
    <subfield code="d">8214</subfield>
  </datafield>
  <datafield tag="952" ind1=" " ind2=" ">
    <subfield code="0">0</subfield>
    <subfield code="1">0</subfield>
    <subfield code="4">0</subfield>
    <subfield code="7">0</subfield>
    <subfield code="a">BPK</subfield>
    <subfield code="b">BPK</subfield>
    <subfield code="c">w</subfield>
    <subfield code="o">4710</subfield>
    <subfield code="p">01123876</subfield>
    <subfield code="s">2015-12-05</subfield>
    <subfield code="y">KS</subfield>
  </datafield>
</record>
